| 000 | 00731nam a2200217Ii 4500 | ||
|---|---|---|---|
| 003 | JO-AjNU | ||
| 008 | 230605s9999||||xx |||||||||||||| ||und|| | ||
| 017 | _a2011/12/4458 | ||
| 040 |
_aJO-AjNU _bara _erda _cJO-AjNU |
||
| 041 | _aara | ||
| 050 | 1 | 4 | _aPJ7561.Z8382 2012 |
| 100 | 3 |
_aتأليف الزغول، سلطان, _eauthor _947430 |
|
| 245 | 0 | 0 | _aتمثيلات الأدب في الشعر العربي الحديث |
| 250 | _aط1 | ||
| 264 | 3 | 1 | _aإربد:عالم الكتب الحديث،2012 |
| 300 | _a302ص | ||
| 336 |
_atext _btxt _2rdacontent |
||
| 337 |
_aunmediated _bn _2rdamedia |
||
| 338 |
_avolume _bnc _2rdacarrier |
||
| 650 | 4 |
_a الأدب العربي-الشعر العربي-تاريخ و نقد _947431 |
|
| 999 |
_aA20705 _c24273 _d24273 |
||